| 000 | 00691nam a2200205 i 4500 | ||
|---|---|---|---|
| 001 | 180916 | ||
| 003 | ES-MaACL | ||
| 005 | 20250921063038.0 | ||
| 008 | 120828s1988 sp |||| | spa d | ||
| 080 | _a711 | ||
| 100 | 1 |
_aBlázquez, José María, _d1926- _9141915 |
|
| 245 | 1 | 3 |
_aEl urbanismo en occidente / _cJosé María Blázquez Martínez. |
| 260 |
_a[Albacete : _bInstituto de Estudios Albacetenses, _c1988?] |
||
| 300 |
_aP. 179-183 ; _c30 cm. |
||
| 595 | _aSeparata del libro "Homenaje a Samuel de los Santos" | ||
| 650 | 7 |
_aUrbanismo _2embne _917692 |
|
| 710 | 2 |
_aInstituto de Estudios Albacetenses. _94884 |
|
| 852 | 4 |
_aES-MaACL _j2124-F-10 |
|
| 999 |
_c180916 _d180916 |
||